| 000 | 00816nam a2200265 a 4500 | ||
|---|---|---|---|
| 001 | 948 | ||
| 003 | BD-RjUL | ||
| 005 | 20211208233244.0 | ||
| 008 | 131203r19471917enk 001 0 eng d | ||
| 035 | _a(BD-RjUL)970 | ||
| 040 |
_aBD-RjUL _beng _cBD-RjUL _dBD-RjUL |
||
| 041 | _aeng | ||
| 082 |
_216 _a100 _bJAS |
||
| 100 | 1 |
_aJames, William, _d1842-1910. _92806 |
|
| 245 | 1 | 0 |
_aSelected papers on philosophy / _cby William James. |
| 260 |
_aLondon ; _bDent ; _aNew York : _bDutton, _c1917 [reprinted 1947,1961]. |
||
| 300 |
_axii, 276, 16,p.; _c18 cm. |
||
| 490 | 1 |
_aEveryman's library ; _v739 |
|
| 500 | _aLast 12 pp. [4, 8] are publisher's advertising material. | ||
| 650 | 0 |
_aPhilosophy. _92807 |
|
| 650 | 0 |
_aPsychology. _92808 |
|
| 830 | 0 |
_v739 _9116133 |
|
| 830 | 0 |
_aEveryman's library ; _9116134 |
|
| 942 |
_2ddc _cBK |
||
| 999 |
_c948 _d948 |
||